Normal view
MARC view
- Rai R
Entry Personal Name
001 - CONTROL NUMBER
- control field: 111664
003 - CONTROL NUMBER IDENTIFIER
- control field: OSt
005 - DATE AND TIME OF LATEST TRANSACTION
- control field: 20230125044105.0
008 - FIXED-LENGTH DATA ELEMENTS
- fixed length control field: 230125|| aca||aabn | a|a d
040 ## - CATALOGING SOURCE
- Original cataloging agency: OSt
- Transcribing agency: OSt
100 ## - HEADING--PERSONAL NAME
- Personal name: Rai R
670 ## - SOURCE DATA FOUND
- Source citation: Work cat.: (OSt)88578: Rai R, Mother Teresa, 1996